<?xml version="1.0" encoding="UTF-8"?>
<collection xmlns="http://www.loc.gov/MARC21/slim">
    <record>
        <controlfield tag="001">77156</controlfield>
        <controlfield tag="005">20190218160629.0</controlfield>
        <datafield tag="024" ind1="8" ind2=" ">
            <subfield code="2">sideral</subfield>
            <subfield code="a">109670</subfield>
        </datafield>
        <datafield tag="037" ind1=" " ind2=" ">
            <subfield code="a">ART-2018-109670</subfield>
        </datafield>
        <datafield tag="041" ind1=" " ind2=" ">
            <subfield code="a">spa</subfield>
        </datafield>
        <datafield tag="100" ind1=" " ind2=" ">
            <subfield code="0">(orcid)0000-0002-7730-8527</subfield>
            <subfield code="a">Carreras Aguerri, Jesús</subfield>
        </datafield>
        <datafield tag="245" ind1=" " ind2=" ">
            <subfield code="a">La doble dimensión de la radicalización islamista: el discurso de “los radicales islamistas” en las sentencias judiciales españolas</subfield>
        </datafield>
        <datafield tag="260" ind1=" " ind2=" ">
            <subfield code="c">2018</subfield>
        </datafield>
        <datafield tag="506" ind1="0" ind2=" ">
            <subfield code="a">Access copy available to the general public</subfield>
            <subfield code="f">Unrestricted</subfield>
        </datafield>
        <datafield tag="520" ind1="3" ind2=" ">
            <subfield code="a">El presente artículo aborda la cuestión de la “radicalización islamista” en España desde un enfoque crítico con dos vertientes diferenciadas: por una parte, se trata de un fenómeno social que toma la forma de proceso de resignificación identitaria; por otra, la problemática criminal a través de la que se ha construido la figura de “el radical”. Ambas dimensiones confluyen en las sentencias judiciales en las que se condena a individuos por los delitos de enaltecimiento del terrorismo, difusión del terrorismo y autoadoctrinamiento. Tomando como objeto los contenidos citados en estas sentencias hemos podido ver cómo la radicalización islamista se construye mediante un discurso basado dos elementos ideológicos: una lectura etnificada de la realidad y una interpretación del conflicto social en clave bélica. A la vez hemos podido observar cómo el Estado se sumerge en el conflicto, leído también en términos bélicos, legitimando así la construcción del "radical" como sujeto encarcelable.</subfield>
        </datafield>
        <datafield tag="540" ind1=" " ind2=" ">
            <subfield code="9">info:eu-repo/semantics/openAccess</subfield>
            <subfield code="a">by-nc-sa</subfield>
            <subfield code="u">http://creativecommons.org/licenses/by-nc-sa/3.0/es/</subfield>
        </datafield>
        <datafield tag="655" ind1=" " ind2="4">
            <subfield code="a">info:eu-repo/semantics/article</subfield>
            <subfield code="v">info:eu-repo/semantics/publishedVersion</subfield>
        </datafield>
        <datafield tag="773" ind1=" " ind2=" ">
            <subfield code="g">16 (2018), a1607 [22 pp.]</subfield>
            <subfield code="p">Encrucijadas</subfield>
            <subfield code="t">ENCRUCIJADAS REVISTA CRITICA DE CIENCIAS SOCIALES</subfield>
            <subfield code="x">2174-7148</subfield>
        </datafield>
        <datafield tag="856" ind1="4" ind2="1">
            <subfield code="u">http://www.encrucijadas.org/index.php/ojs/article/view/406</subfield>
            <subfield code="z">Texto completo de la revista</subfield>
        </datafield>
        <datafield tag="856" ind1="4" ind2=" ">
            <subfield code="s">450646</subfield>
            <subfield code="u">http://zaguan.unizar.es/record/77156/files/texto_completo.pdf</subfield>
            <subfield code="y">Versión publicada</subfield>
        </datafield>
        <datafield tag="856" ind1="4" ind2=" ">
            <subfield code="s">70663</subfield>
            <subfield code="u">http://zaguan.unizar.es/record/77156/files/texto_completo.jpg?subformat=icon</subfield>
            <subfield code="x">icon</subfield>
            <subfield code="y">Versión publicada</subfield>
        </datafield>
        <datafield tag="909" ind1="C" ind2="O">
            <subfield code="o">oai:zaguan.unizar.es:77156</subfield>
            <subfield code="p">articulos</subfield>
            <subfield code="p">driver</subfield>
        </datafield>
        <datafield tag="951" ind1=" " ind2=" ">
            <subfield code="a">2019-02-18-13:36:04</subfield>
        </datafield>
        <datafield tag="980" ind1=" " ind2=" ">
            <subfield code="a">ARTICLE</subfield>
        </datafield>
    </record>

    
</collection>